[Event "Aeroflot Open A 2017"]
[Site "Moscow RUS"]
[Date "2017.02.26"]
[Round "6.11"]
[White "Goganov, Aleksey"]
[Black "Movsesian, Sergei"]
[Result "1/2-1/2"]
[WhiteTitle "GM"]
[BlackTitle "GM"]
[WhiteElo "2632"]
[BlackElo "2679"]
[WhiteFideId "24109959"]
[BlackFideId "310204"]
[EventDate "2017.02.21"]

1. c4 e5 2. Nc3 Nc6 3. g3 g6 4. Bg2 Bg7 5. e3 d6 6. Nge2 Be6 7. d3 Qd7 8. Nd5
Nd8 9. f4 h5 10. e4 c6 11. Ne3 Ne7 12. d4 exd4 13. Nxd4 f5 14. O-O fxe4 15. Bxe4
Bh3 16. Re1 Nf7 17. Rb1 O-O 18. b3 Rae8 19. Bb2 Nh6 20. Qd3 Nef5 21. Ndxf5 gxf5
22. Bf3 h4 23. Kf2 Re6 24. Bxg7 Qxg7 25. Ng2 hxg3+ 26. hxg3 Rfe8 27. Rxe6 Rxe6
28. Ne3 Bg4 29. Bxg4 Nxg4+ 30. Nxg4 fxg4 31. Re1 Rxe1 32. Kxe1 Kf7 33. a4 a5 34.
Qf5+ Ke7 35. Qxa5 Kd7 36. Qf5+ Kc7 37. Qa5+ Kd7 38. Qf5+ Kc7 39. Qd3 Qh8 40. Kd1
Qa1+ 41. Kc2 Qa2+ 42. Kc3 Qa1+ 43. Kd2 Qb2+ 44. Qc2 Qd4+ 45. Ke2 Qh8 46. Qd3
Qh2+ 47. Ke1 Qg1+ 48. Kd2 Qf2+ 49. Kc1 Qe1+ 50. Kb2 Qf2+ 51. Ka3 Qf3 52. Qh7+
Kb6 53. a5+ Ka7 54. Qc7 Qd1 55. Qb6+ Kb8 56. Qd8+ Ka7 57. Qf6 Qd2 58. Qd8 1/2-1/2

[Event "Aeroflot Open A 2017"]
[Site "Moscow RUS"]
[Date "2017.02.26"]
[Round "6.12"]
[White "Sasikiran, Krishnan"]
[Black "Jumabayev, Rinat"]
[Result "0-1"]
[WhiteTitle "GM"]
[BlackTitle "GM"]
[WhiteElo "2674"]
[BlackElo "2611"]
[WhiteFideId "5004985"]
[BlackFideId "13702661"]
[EventDate "2017.02.21"]

1. e4 c5 2. Nf3 d6 3. d4 cxd4 4. Nxd4 Nf6 5. Nc3 a6 6. h3 e5 7. Nde2 h5 8. Bg5
Be6 9. g3 Nbd7 10. Bg2 Be7 11. Qd2 b5 12. a3 Rc8 13. O-O O-O 14. b3 Nh7 15. Be3
Nhf6 16. Rad1 Nc5 17. f4 a5 18. fxe5 dxe5 19. Qe1 Ncd7 20. Rd2 b4 21. Na4 bxa3
22. c4 Rb8 23. Qd1 Qc8 24. Nec3 Nc5 25. Bxc5 Bxc5+ 26. Kh2 Bd4 27. Nb5 Rxb5 28.
cxb5 Qb8 29. b6 Bxb6 30. Nxb6 Qxb6 31. Qc1 Qb4 32. Ra2 a4 33. Qxa3 Qxa3 34. Rxa3
axb3 35. Rb1 Rb8 36. Rb2 Rb4 37. Ra8+ Kh7 38. Ra5 Nd7 39. Bf1 g6 40. Rb5 Rxe4
41. Rd2 Re3 42. Rd6 Kh6 43. Rxe6 fxe6 44. Bc4 Rc3 45. Bxb3 Nc5 46. Bd1 Rc1 47.
Kg2 Kg7 48. Be2 Rc2 49. Kf3 Kf6 50. Rb4 Ra2 51. Bc4 Ra3+ 52. Kg2 Re3 53. Rb5 Ne4
54. Rb3 Rxb3 55. Bxb3 Nc3 56. Kf3 e4+ 57. Ke3 Ke5 58. Kd2 Nb5 59. Ba4 Nd6 60.
Bd7 g5 61. h4 g4 62. Ke2 Nf5 63. Kf2 e3+ 64. Kg2 e2 65. Kf2 Nxg3 66. Be8 Kd4 67.
Bg6 e5 68. Ke1 Ke3 69. Bxh5 Nf5 70. Bxg4 Nd4 0-1

[Event "Aeroflot Open A 2017"]
[Site "Moscow RUS"]
[Date "2017.02.26"]
[Round "6.13"]
[White "Bosiocic, Marin"]
[Black "Sjugirov, Sanan"]
[Result "1/2-1/2"]
[WhiteTitle "GM"]
[BlackTitle "GM"]
[WhiteElo "2602"]
[BlackElo "2673"]
[WhiteFideId "14507927"]
[BlackFideId "4189302"]
[EventDate "2017.02.21"]

1. d4 Nf6 2. c4 e6 3. Nf3 d5 4. g3 Bb4+ 5. Bd2 Be7 6. Bg2 O-O 7. O-O c6 8. Qc2
b6 9. Rd1 Nbd7 10. Bf4 Ba6 11. Ne5 Rc8 12. Qa4 Nb8 13. Qb3 Nbd7 14. Nd2 Nxe5 15.
Bxe5 Ng4 16. Bf4 g5 17. Be3 Nxe3 18. Qxe3 Bxc4 19. Nxc4 dxc4 20. Rac1 b5 21. b3
cxb3 22. axb3 Qd6 23. Qf3 a6 24. Rd3 Kg7 25. h4 gxh4 26. e4 e5 27. Rc5 Qf6 28.
Qxf6+ Bxf6 29. Bh3 Rcd8 30. Rxc6 Rxd4 31. Rf3 Bd8 32. Bf5 h6 33. Rxa6 Rd2 34.
gxh4 Bxh4 35. Ra7 Rg8 36. Bd7 Rd1+ 37. Kh2 Bg5 38. Bg4 Rf8 39. Rfxf7+ Rxf7 40.
Rxf7+ Kxf7 41. Bxd1 1/2-1/2

[Event "Aeroflot Open A 2017"]
[Site "Moscow RUS"]
[Date "2017.02.26"]
[Round "6.14"]
[White "Bok, Benjamin"]
[Black "Vidit, Santosh Gujrathi"]
[Result "1/2-1/2"]
[WhiteTitle "GM"]
[BlackTitle "GM"]
[WhiteElo "2596"]
[BlackElo "2673"]
[WhiteFideId "1017063"]
[BlackFideId "5029465"]
[EventDate "2017.02.21"]

1. e4 e5 2. Nf3 Nc6 3. Bc4 Bc5 4. O-O Nf6 5. d3 O-O 6. a4 a6 7. Bg5 h6 8. Bh4
Be7 9. Bg3 d6 10. c3 g6 11. h3 Nh5 12. Bh2 Bg5 13. Na3 Bf4 14. d4 Bxh2+ 15. Kxh2
Nf4 16. Nc2 Kg7 17. Re1 f5 18. dxe5 fxe4 19. Rxe4 d5 20. Rxf4 Rxf4 21. Qxd5 Qxd5
22. Bxd5 Bf5 23. Bxc6 bxc6 24. Ncd4 c5 25. Kg3 Re4 26. Nb3 Rb8 27. Nxc5 Rc4 28.
b4 a5 29. Na6 Rb6 30. b5 Rxc3 31. Rd1 Bc8 32. Kf4 Kf7 33. Ke4 Rc4+ 34. Kd3 Rxa4
35. Nxc7 Bf5+ 36. Ke2 Rb7 37. Rc1 Ra2+ 38. Ke3 Rc2 39. e6+ Ke7 40. Nd5+ Kxe6 41.
Nd4+ Kxd5 42. Nxc2 Bxc2 43. Rxc2 Rxb5 44. Rd2+ Kc5 45. Kd3 a4 46. Kc3 Rb3+ 47.
Kc2 Rb4 48. Kc3 Re4 49. Kb2 Kb4 50. Rd6 Re2+ 51. Kb1 g5 52. Rxh6 Rxf2 53. g4 Rh2
54. Rg6 Kb3 55. Rb6+ Ka3 56. Rb5 Rh1+ 57. Kc2 Rh2+ 58. Kb1 Rh1+ 59. Kc2 Rxh3 60.
Rxg5 Rg3 61. Rg8 Rg2+ 62. Kb1 Rg1+ 63. Kc2 Rg2+ 64. Kb1 Rg1+ 1/2-1/2

[Event "Aeroflot Open A 2017"]
[Site "Moscow RUS"]
[Date "2017.02.26"]
[Round "6.15"]
[White "Tari, Aryan"]
[Black "Motylev, Alexander"]
[Result "1/2-1/2"]
[WhiteTitle "GM"]
[BlackTitle "GM"]
[WhiteElo "2596"]
[BlackElo "2663"]
[WhiteFideId "1510045"]
[BlackFideId "4121830"]
[EventDate "2017.02.21"]

1. e4 e5 2. Nf3 Nc6 3. Bb5 a6 4. Ba4 d6 5. c3 Nf6 6. d4 Bd7 7. Nbd2 g6 8. O-O b5
9. Bc2 Bg7 10. dxe5 dxe5 11. Nb3 O-O 12. Be3 Qc8 13. Nc5 Rd8 14. Qe2 Be8 15. a4
Nh5 16. Bd3 bxa4 17. Bxa6 Qb8 18. Bb5 a3 19. Na6 axb2 20. Qxb2 1/2-1/2

[Event "Aeroflot Open A 2017"]
[Site "Moscow RUS"]
[Date "2017.02.26"]
[Round "6.21"]
[White "Bluebaum, Matthias"]
[Black "Lomasov, Semen"]
[Result "1/2-1/2"]
[WhiteTitle "GM"]
[BlackTitle "IM"]
[WhiteElo "2632"]
[BlackElo "2450"]
[WhiteFideId "24651516"]
[BlackFideId "24164879"]
[EventDate "2017.02.21"]

1. d4 Nf6 2. c4 e6 3. Nf3 Bb4+ 4. Nbd2 O-O 5. a3 Be7 6. e4 d5 7. e5 Nfd7 8. Bd3
c5 9. Qc2 h6 10. O-O cxd4 11. Nb3 Nc6 12. Re1 dxc4 13. Qxc4 a5 14. Bc2 Re8 15.
Nbxd4 Nxd4 16. Qxd4 Qc7 17. Ba4 Rd8 18. Qg4 Kf8 19. Qh5 Qc4 20. Bxh6 gxh6 21.
Qxh6+ Ke8 22. b3 Qg4 23. h3 Qg6 24. Qh8+ Bf8 25. Nd4 Qh6 26. Qg8 Qg7 27. Qxg7
Bxg7 28. f4 Ke7 29. Rac1 Nb6 30. Rc7+ Kf8 31. Nb5 Nd5 32. Rc4 Nb6 33. Rc7 Nd5
34. Rc4 Bd7 35. Nd6 Bxa4 36. bxa4 b6 37. f5 Bxe5 38. Nxf7 Kxf7 39. Rxe5 exf5 40.
Rxf5+ Ke6 41. Rh5 Rh8 42. Re4+ Kd6 43. Rhe5 Rac8 44. Re6+ Kd7 45. R6e5 Rc1+ 46.
Kh2 Kd6 47. Rg5 Kc5 48. h4 Rc4 1/2-1/2

[Event "Aeroflot Open A 2017"]
[Site "Moscow RUS"]
[Date "2017.02.26"]
[Round "6.23"]
[White "Saric, Ivan"]
[Black "Idani, Pouya"]
[Result "1/2-1/2"]
[WhiteTitle "GM"]
[BlackTitle "GM"]
[WhiteElo "2648"]
[BlackElo "2563"]
[WhiteFideId "14508150"]
[BlackFideId "12510130"]
[EventDate "2017.02.21"]

1. e4 c5 2. Nf3 d6 3. d4 Nf6 4. Nc3 cxd4 5. Nxd4 a6 6. a3 g6 7. f3 Bg7 8. Be3
Nc6 9. Qd2 d5 10. O-O-O dxe4 11. Nxc6 Qxd2+ 12. Rxd2 bxc6 13. Nxe4 Nxe4 14. fxe4
Be6 15. Be2 O-O 16. Rdd1 a5 17. Bd4 a4 18. Bxg7 Kxg7 19. Bf3 Ra5 20. e5 Rc5 21.
Rhe1 Rb8 22. c3 Rbb5 23. Rd4 Bb3 24. Rd7 Kf8 25. Rd8+ Kg7 26. Rd7 Kf8 27. Rd8+ 1/2-1/2

[Event "Aeroflot Open A 2017"]
[Site "Moscow RUS"]
[Date "2017.02.26"]
[Round "6.24"]
[White "Alekseev, Evgeny"]
[Black "Indjic, Aleksandar"]
[Result "1/2-1/2"]
[WhiteTitle "GM"]
[BlackTitle "GM"]
[WhiteElo "2632"]
[BlackElo "2560"]
[WhiteFideId "4138147"]
[BlackFideId "911925"]
[EventDate "2017.02.21"]

1. e4 g6 2. d4 Bg7 3. Nf3 d6 4. c3 Nf6 5. Bd3 O-O 6. O-O Nbd7 7. Re1 e5 8. Nbd2
Re8 9. h3 b6 10. Nf1 Bb7 11. Ng3 d5 12. exd5 exd4 13. Rxe8+ Qxe8 14. c4 b5 15.
b3 bxc4 16. bxc4 Nc5 17. Bb2 Nxd3 18. Qxd3 c5 19. dxc6 Qxc6 20. Qxd4 Nh5 21. Qd2
Bxb2 22. Qxb2 Nf4 23. Rb1 Ba6 24. Qd4 Qxc4 25. Qxc4 Bxc4 26. Rb4 Ne2+ 27. Kh2
Rc8 28. Ne4 Bxa2 29. Ra4 1/2-1/2

[Event "Aeroflot Open A 2017"]
[Site "Moscow RUS"]
[Date "2017.02.26"]
[Round "6.25"]
[White "Huzman, Alexander"]
[Black "Buhmann, Rainer"]
[Result "1/2-1/2"]
[WhiteTitle "GM"]
[BlackTitle "GM"]
[WhiteElo "2552"]
[BlackElo "2625"]
[WhiteFideId "2803828"]
[BlackFideId "4651340"]
[EventDate "2017.02.21"]

1. Nf3 d5 2. d4 Nf6 3. c4 e6 4. g3 dxc4 5. Bg2 c6 6. O-O b5 7. Ne5 Bb7 8. Nc3 a6
9. b3 b4 10. Ne4 Nxe4 11. Bxe4 c3 12. Qd3 1/2-1/2

[Event "Aeroflot Open A 2017"]
[Site "Moscow RUS"]
[Date "2017.02.26"]
[Round "6.27"]
[White "Bindrich, Falko"]
[Black "Xu, Yinglun"]
[Result "1/2-1/2"]
[WhiteTitle "GM"]
[WhiteElo "2590"]
[BlackElo "2540"]
[WhiteFideId "4676670"]
[BlackFideId "8604940"]
[EventDate "2017.02.21"]

1. d4 d5 2. c4 e6 3. Nc3 Be7 4. Nf3 Nf6 5. Bf4 O-O 6. e3 b6 7. Bd3 Ba6 8. Qe2 c5
9. dxc5 Nc6 10. cxd5 Bxd3 11. Qxd3 Nb4 12. Qd2 Nfxd5 13. Nxd5 Nxd5 14. Bd6 bxc5
15. Bxe7 Qxe7 16. O-O c4 17. Rac1 Rac8 18. Ne5 Nb6 19. Rfd1 f6 20. Nf3 e5 21. h3
Qe8 22. Qe2 Qa4 23. a3 c3 24. bxc3 Qxa3 25. c4 Rc7 26. c5 Rxc5 27. Rxc5 Qxc5 28.
Qa2+ Qc4 29. Qxa7 Qa4 30. Ra1 Qxa7 31. Rxa7 Rf7 32. Ra6 1/2-1/2

[Event "Aeroflot Open A 2017"]
[Site "Moscow RUS"]
[Date "2017.02.26"]
[Round "6.28"]
[White "Tabatabaei, M.amin"]
[Black "Maghsoodloo, Parham"]
[Result "1/2-1/2"]
[WhiteTitle "IM"]
[BlackTitle "GM"]
[WhiteElo "2507"]
[BlackElo "2575"]
[WhiteFideId "12521213"]
[BlackFideId "12539929"]
[EventDate "2017.02.21"]

1. d4 Nf6 2. c4 g6 3. f3 d5 4. cxd5 Nxd5 5. e4 Nb6 6. Nc3 Bg7 7. Be3 O-O 8. Qd2
e5 9. d5 c6 10. h4 cxd5 11. exd5 N8d7 12. h5 Nf6 13. hxg6 fxg6 14. O-O-O Bd7 15.
d6 Rc8 16. Kb1 e4 17. fxe4 Ng4 18. Bg5 Qe8 19. Nf3 Rf7 20. Be7 Rxc3 21. bxc3 Qc8
22. Rc1 Na4 23. Ng5 Qc5 24. Rh3 Rxf1 25. Rxf1 Qb5+ 26. Kc2 Qb2+ 27. Kd1 Qa1+ 28.
Kc2 Qxa2+ 29. Kc1 Qa1+ 30. Kc2 Qb2+ 31. Kd1 Qb1+ 32. Ke2 Bb5+ 33. Kf3 Qxf1+ 34.
Kxg4 Bd7+ 35. Kh4 Bxc3 36. Qd5+ Kg7 37. Bf6+ Qxf6 38. Rf3 Bc6 39. Qd1 Nb2 40.
Qb3 Be1+ 41. Kh3 Qxg5 42. Rf7+ Kh6 43. Rxh7+ Kxh7 44. Qf7+ Kh6 45. Qf8+ Kh7 1/2-1/2

[Event "Aeroflot Open A 2017"]
[Site "Moscow RUS"]
[Date "2017.02.26"]
[Round "6.29"]
[White "Moskalenko, Alexander"]
[Black "Kraemer, Martin"]
[Result "1/2-1/2"]
[WhiteTitle "IM"]
[BlackTitle "GM"]
[WhiteElo "2488"]
[BlackElo "2571"]
[WhiteFideId "4155351"]
[BlackFideId "4671910"]
[EventDate "2017.02.21"]

1. d4 Nf6 2. c4 e6 3. g3 d5 4. Nf3 Bb4+ 5. Bd2 Be7 6. Bg2 O-O 7. O-O c6 8. Qc2
Nbd7 9. Bf4 b6 10. Rd1 Ba6 11. Ne5 Rc8 12. Qa4 Nb8 13. Qb3 Nh5 14. Nd2 Nxf4 15.
gxf4 g6 16. e3 Rc7 17. Rac1 Qc8 18. Rc2 b5 19. cxd5 cxd5 20. Rdc1 Rxc2 21. Rxc2
Qb7 22. Bf1 Qb6 23. Nd3 b4 24. Ne5 f6 25. Nef3 Bb7 26. Qd3 Ba6 27. Qb3 Bb7 28.
Qd3 Rc8 29. Rxc8+ Bxc8 30. Qc2 Qc6 31. Qb1 a5 32. h4 Nd7 33. Bd3 Kg7 34. Qf1 Nb6
35. h5 Bd7 36. hxg6 hxg6 37. Nh4 Be8 38. Qb1 f5 39. Nhf3 Bd6 40. Ng5 Be7 41.
Ndf3 Nd7 42. Kg2 Nf8 43. Qh1 Qc8 44. Qf1 Qc6 45. Ne5 Qb6 46. Kg3 Nh7 47. Nxh7
Kxh7 48. Nf3 Qb8 49. Kg2 Kg7 50. Qc1 Bd6 51. Ng5 Bd7 52. Qh1 Qg8 53. Qf1 Qb8 54.
Bc2 Qc8 55. Qh1 Qg8 56. Qd1 Qe8 57. Qh1 Qg8 58. Bd3 Be7 59. Nf3 Qc8 60. Qf1 Qb7
61. Ba6 Qb6 62. Ne5 Be8 63. Bc8 Bd6 64. Nf3 Qc6 65. Ba6 Kg8 66. Bd3 Be7 67. Qh1
Qc7 68. Qd1 Kg7 69. Kf1 Qc6 70. Ke2 Qa4 71. Qb1 Qc6 72. Kd2 Qc7 73. Qf1 Qb7 74.
Qh3 Qc7 75. Qh2 Bf6 76. Qg1 Be7 77. Ne5 Qb7 78. Be2 Bd6 79. Qg5 Be7 80. Qg3 Bd6
81. Qg1 Qe7 82. Nf3 Qd7 83. Bd1 Qc8 84. Ng5 Be7 85. Qh2 Bxg5 86. fxg5 Qd8 87.
Qe5+ Kf7 88. Be2 Qxg5 89. Qc7+ Qe7 90. Qxa5 Kf6 91. f4 g5 92. fxg5+ Kxg5 93. Qa8
f4 94. Qb8 fxe3+ 95. Kxe3 Kg6 96. Kd2 Kg7 97. Kc2 Ba4+ 98. b3 Be8 99. Kb2 Bg6
100. Qe5+ Qf6 101. a3 bxa3+ 102. Kxa3 Qxe5 103. dxe5 d4 104. Kb4 Be4 105. Kc5 d3
106. Bd1 Kg6 107. Kd4 Kf5 108. b4 Bc6 109. Kxd3 Kxe5 1/2-1/2

[Event "Aeroflot Open A 2017"]
[Site "Moscow RUS"]
[Date "2017.02.26"]
[Round "6.30"]
[White "Ghaem Maghami, Ehsan"]
[Black "Debashis, Das"]
[Result "1/2-1/2"]
[WhiteTitle "GM"]
[BlackTitle "GM"]
[WhiteElo "2566"]
[BlackElo "2472"]
[WhiteFideId "12500739"]
[BlackFideId "5024854"]
[EventDate "2017.02.21"]

1. c4 Nf6 2. Nc3 e6 3. Nf3 Bb4 4. Qc2 O-O 5. a3 Bxc3 6. Qxc3 d6 7. b3 b6 8. g3
Bb7 9. Bg2 c5 10. O-O Nbd7 11. Bb2 Qc7 12. Rad1 Rfd8 13. d4 cxd4 14. Qxd4 Nc5
15. Qe3 e5 16. Rc1 a5 17. b4 axb4 18. axb4 Ne6 19. Bh3 Re8 20. Rfd1 Qc6 21. Bg2
Qc7 22. Bh3 Qc6 23. Rd2 h6 24. Bg2 Qc7 25. Bh3 Qc6 26. Bf5 Qc7 27. Nh4 Ra4 28.
Qb3 Raa8 29. Qe3 Ra4 30. Qb3 Raa8 31. f3 Rad8 32. Qe3 Qc6 33. Bb1 b5 34. cxb5
Qxb5 35. Nf5 Nd5 36. Qd3 Qxb4 37. Kh1 e4 38. fxe4 Nc5 39. Qd4 Qxd4 40. Rxd4 Nxe4
41. Bxe4 Rxe4 42. Rxe4 Nc3 43. Ne7+ Kf8 44. Bxc3 Bxe4+ 45. Kg1 Kxe7 46. Bxg7 h5
47. Kf2 Ke6 48. Rc4 Bg6 49. Bh6 d5 50. Rc6+ Rd6 51. Rxd6+ Kxd6 1/2-1/2

[Event "Aeroflot Open A 2017"]
[Site "Moscow RUS"]
[Date "2017.02.26"]
[Round "6.31"]
[White "Adhiban, Baskaran"]
[Black "Donchenko, Alexander"]
[Result "1/2-1/2"]
[WhiteTitle "GM"]
[BlackTitle "GM"]
[WhiteElo "2682"]
[BlackElo "2553"]
[WhiteFideId "5018471"]
[BlackFideId "24603295"]
[EventDate "2017.02.21"]

1. e4 c6 2. d4 d5 3. e5 Bf5 4. h4 h5 5. Bd3 Bxd3 6. Qxd3 Qa5+ 7. Bd2 Qa6 8. e6
Qxd3 9. exf7+ Kxf7 10. cxd3 Nh6 11. Nf3 Nd7 12. Nc3 g6 13. Ne2 Nf5 14. Nf4 Bh6
15. Nh3 Bg7 16. Nhg5+ Kg8 17. Ne6 Bf6 18. Bf4 Kf7 19. Neg5+ Kg8 20. Be5 Nh6 21.
O-O Nf7 22. Rae1 Nxg5 23. hxg5 Bxe5 24. Nxe5 Nxe5 25. Rxe5 Kf7 26. Rfe1 Rhe8 27.
R1e3 a5 28. Rf3+ Kg7 29. Rfe3 Kf7 30. Rf3+ Kg7 31. Kf1 Ra6 32. a3 a4 33. Rfe3
Kf7 34. Rf3+ Kg7 35. Rfe3 Kf7 36. Rf3+ 1/2-1/2

[Event "Aeroflot Open A 2017"]
[Site "Moscow RUS"]
[Date "2017.02.26"]
[Round "6.32"]
[White "Vavulin, Maksim"]
[Black "Svane, Rasmus"]
[Result "1/2-1/2"]
[WhiteTitle "IM"]
[BlackTitle "GM"]
[WhiteElo "2604"]
[BlackElo "2570"]
[WhiteFideId "4169530"]
[BlackFideId "4657101"]
[EventDate "2017.02.21"]

1. e4 c6 2. d4 d5 3. Nc3 dxe4 4. Nxe4 Bf5 5. Ng3 Bg6 6. Nf3 e6 7. h4 h6 8. Ne5
Bh7 9. Qh5 Qc7 10. Bc4 Nf6 11. Qe2 Bd6 12. c3 O-O 13. Nh5 Nxh5 14. Qxh5 c5 15.
Be3 cxd4 16. Bxd4 Nc6 17. Nxc6 Qxc6 18. Be2 e5 19. Be3 f5 20. Rd1 Bc7 21. Qf3 e4
22. Qh3 f4 23. Bd4 Rae8 24. Bg4 Qa6 25. Be2 Qc6 26. Bg4 Qa6 27. Be2 1/2-1/2

[Event "Aeroflot Open A 2017"]
[Site "Moscow RUS"]
[Date "2017.02.26"]
[Round "6.33"]
[White "Grigoriants, Sergey"]
[Black "Rozum, Ivan"]
[Result "1/2-1/2"]
[WhiteTitle "GM"]
[BlackTitle "GM"]
[WhiteElo "2564"]
[BlackElo "2601"]
[WhiteFideId "4130804"]
[BlackFideId "24104272"]
[EventDate "2017.02.21"]

1. Nf3 Nf6 2. c4 b6 3. g3 Bb7 4. Bg2 g6 5. b3 Bg7 6. Bb2 c5 7. O-O O-O 8. Nc3 d6
9. d4 cxd4 10. Nxd4 Bxg2 11. Kxg2 d5 12. cxd5 Nxd5 13. Ndb5 Nxc3 14. Bxc3 1/2-1/2

[Event "Aeroflot Open A 2017"]
[Site "Moscow RUS"]
[Date "2017.02.26"]
[Round "6.34"]
[White "Alekseenko, Kirill"]
[Black "Petrosyan, Manuel"]
[Result "1-0"]
[WhiteTitle "GM"]
[BlackTitle "IM"]
[WhiteElo "2588"]
[BlackElo "2549"]
[WhiteFideId "4135539"]
[BlackFideId "13300857"]
[EventDate "2017.02.21"]

1. e4 e5 2. Nf3 Nc6 3. Bb5 Nf6 4. d3 Bc5 5. Bxc6 dxc6 6. Qe2 Nd7 7. Be3 Bd6 8.
d4 O-O 9. Nbd2 exd4 10. Nxd4 Re8 11. O-O-O Nf6 12. f3 c5 13. Nb5 a6 14. Nxd6
cxd6 15. Nb1 Qe7 16. Bg5 Be6 17. Nc3 b5 18. Bxf6 Qxf6 19. Rxd6 Rad8 20. Rxd8
Rxd8 21. Rd1 Qf4+ 22. Kb1 Rxd1+ 23. Qxd1 h6 24. g3 Qe3 25. a4 Qf2 26. axb5 axb5
27. Nxb5 Qxh2 28. Qe1 h5 29. Nc7 Bc4 30. b3 Be2 31. f4 Qg2 32. e5 Bg4 33. Nb5
Bf5 34. Na3 Qf3 35. Kb2 Kh7 36. Qc3 Qf2 37. Nc4 Be4 38. Nd6 Bg6 39. Nb7 c4 40.
b4 Bd3 41. Nc5 Bf5 42. Nb7 Bd3 43. Nd6 Qxg3 44. cxd3 cxd3 45. Qd2 Kg8 46. b5 h4
47. b6 Qg1 48. b7 Qb6+ 49. Kc3 h3 50. Qb2 Qc6+ 51. Nc4 1-0

[Event "Aeroflot Open A 2017"]
[Site "Moscow RUS"]
[Date "2017.02.26"]
[Round "6.35"]
[White "Lorparizangeneh, Shahin"]
[Black "Lalith, Babu M R"]
[Result "1/2-1/2"]
[WhiteTitle "IM"]
[BlackTitle "GM"]
[WhiteElo "2519"]
[BlackElo "2584"]
[WhiteFideId "12521604"]
[BlackFideId "5024595"]
[EventDate "2017.02.21"]

1. e4 e5 2. Nf3 Nc6 3. Bb5 a6 4. Ba4 Nf6 5. O-O Nxe4 6. d4 b5 7. Bb3 d5 8. dxe5
Be6 9. Nbd2 Be7 10. c3 Nc5 11. Bc2 d4 12. Nb3 d3 13. Bb1 Nxb3 14. axb3 Bf5 15.
Re1 O-O 16. Be3 Qd5 17. Bd4 d2 18. Re2 Bxb1 19. Rxb1 Nxd4 20. Nxd4 Bg5 21. g3 f6
22. f4 c5 23. Nc2 Bh6 24. Rxd2 Qxb3 25. exf6 gxf6 26. Qh5 Rad8 27. Re2 Bg7 28.
Ne3 Rfe8 29. Rbe1 Qf7 30. Qxc5 Bf8 31. Qf5 Qg6 32. h4 Rxe3 33. Qxg6+ hxg6 34.
Rxe3 Bc5 35. Kf2 Kf7 36. Kf3 Bxe3 37. Kxe3 Ke6 38. g4 f5 39. Kf3+ Kf7 40. gxf5
gxf5 41. Re5 Kf6 42. Ke3 Rd1 43. Rc5 Re1+ 44. Kd4 Re4+ 45. Kd5 Rxf4 46. Rc6+ Ke7
47. h5 a5 48. h6 Kf7 49. h7 Kg7 50. Rh6 Kh8 51. Kc5 b4 52. Kb5 bxc3 53. bxc3 a4
54. c4 a3 55. c5 a2 56. Ra6 Rf2 57. c6 Rb2+ 58. Kc4 Rc2+ 59. Kd5 f4 60. Ke4 Rxc6
61. Rxa2 1/2-1/2

[Event "Aeroflot Open A 2017"]
[Site "Moscow RUS"]
[Date "2017.02.26"]
[Round "6.36"]
[White "Esipenko, Andrey"]
[Black "Van Foreest, Jorden"]
[Result "1/2-1/2"]
[WhiteTitle "FM"]
[BlackTitle "GM"]
[WhiteElo "2502"]
[BlackElo "2584"]
[WhiteFideId "24175439"]
[BlackFideId "1039784"]
[EventDate "2017.02.21"]

1. d4 Nf6 2. c4 e6 3. Nf3 b6 4. g3 Bb7 5. Bg2 Be7 6. O-O O-O 7. Nc3 Ne4 8. Bd2
Bf6 9. Rc1 d6 10. d5 Nxc3 11. Bxc3 Bxc3 12. Rxc3 e5 13. e4 a5 14. b3 Nd7 15. a3
Nc5 16. Nd2 Bc8 17. b4 Nb7 18. Qb3 Bd7 19. Rcc1 Qe7 20. Qb2 Ra7 21. Nb1 Rfa8 22.
Nc3 Nd8 23. Rfe1 f6 24. Nb5 Bxb5 25. cxb5 axb4 26. axb4 Qd7 27. Qe2 Ra2 28. Qh5
R8a7 29. Qh3 Qxh3 30. Bxh3 R2a4 31. Bf1 Rxb4 32. Rc2 Rba4 33. Rec1 Nb7 34. Rxc7
Nc5 35. Rc6 Nb3 36. Rd1 Rd4 37. Re1 Rd2 38. Rxb6 Nd4 39. Rb8+ Kf7 40. Rc1 Kg6
41. Bc4 Rc7 42. b6 Rc5 43. Kf1 Rb2 44. Rc3 Rb4 45. b7 Rc7 46. Kg2 Rcxb7 47. Rxb7
Rxb7 48. Bf1 Kf7 49. Rc8 Nb3 50. Be2 Nc5 51. f3 Rb2 52. Kf2 Rb7 53. Rd8 Rd7 54.
Rxd7+ Nxd7 55. Bf1 g6 56. Bh3 Nc5 57. Ke3 Nb3 58. Bc8 Nd4 59. Bd7 f5 60. Bc8 Kf6
61. Bd7 Nb3 62. Ba4 Nc5 63. Bc2 fxe4 64. fxe4 g5 65. Bd1 h6 66. Bh5 Ke7 67. Bg6
Nd7 68. Bf5 Nf6 69. Kd3 Kd8 70. Kc4 Kc7 71. Kb5 Kb7 72. Ka5 Ne8 73. Kb5 Nc7+ 74.
Ka5 Ne8 1/2-1/2

[Event "Aeroflot Open A 2017"]
[Site "Moscow RUS"]
[Date "2017.02.26"]
[Round "6.37"]
[White "Blomqvist, Erik"]
[Black "Gabrielian, Artur"]
[Result "1/2-1/2"]
[WhiteTitle "GM"]
[BlackTitle "GM"]
[WhiteElo "2573"]
[BlackElo "2532"]
[WhiteFideId "1709437"]
[BlackFideId "4131002"]
[EventDate "2017.02.21"]

1. e4 e5 2. Nf3 Nc6 3. Bb5 a6 4. Ba4 d6 5. O-O Bd7 6. d4 Nxd4 7. Bxd7+ Qxd7 8.
Nxd4 exd4 9. Qxd4 Nf6 10. Nc3 Be7 11. Bg5 h6 12. Bh4 Qg4 13. Bg3 O-O 14. Rad1
Rfe8 15. f3 Qe6 16. Bf2 c6 17. Rfe1 Rad8 18. b3 Qc8 19. Kf1 d5 20. exd5 Nxd5 21.
Nxd5 Rxd5 22. Qb6 Rxd1 23. Rxd1 Rd8 24. Rxd8+ Bxd8 25. Qe3 Qd7 26. g4 Bc7 1/2-1/2

[Event "Aeroflot Open A 2017"]
[Site "Moscow RUS"]
[Date "2017.02.26"]
[Round "6.38"]
[White "Kuybokarov, Temur"]
[Black "Predke, Alexandr"]
[Result "1-0"]
[WhiteTitle "IM"]
[BlackTitle "GM"]
[WhiteElo "2491"]
[BlackElo "2573"]
[WhiteFideId "14203049"]
[BlackFideId "24107581"]
[EventDate "2017.02.21"]

1. e4 e5 2. Nf3 Nc6 3. Bc4 Nf6 4. d3 Qe7 5. a3 g6 6. Nc3 Bg7 7. Bg5 h6 8. Nd5
Qd8 9. Nxf6+ Bxf6 10. Be3 d6 11. Qd2 Bg7 12. O-O-O f5 13. Qc3 Bd7 14. Rhe1 Qf6
15. exf5 gxf5 16. d4 e4 17. g3 Be6 18. Nh4 Bxc4 19. Qxc4 O-O-O 20. Ng2 d5 21.
Qa4 Kb8 22. c3 Ne7 23. Qc2 Rhe8 24. Qd2 Nc6 25. b4 Ne7 26. Bf4 Nc8 27. Ne3 Qf7
28. a4 Re6 29. Kc2 a5 30. bxa5 Ra6 31. Ra1 Rxa5 32. Reb1 Na7 33. Kd1 Kc8 34. Ke1
b6 35. Kf1 Kb7 36. c4 Nc6 37. cxd5 Rdxd5 38. Nxd5 Qxd5 39. Qa2 Qxd4 40. Rd1 Qc3
41. Rac1 Qf3 42. Kg1 Rc5 43. Rd7 Rxc1+ 44. Bxc1 Bd4 45. Qd2 h5 46. Qf4 Qd1+ 47.
Kg2 Ne5 48. Re7 Ka6 49. Qxf5 Nf3 50. Qb5+ Ka7 51. Rxc7+ Kb8 52. Qe8+ Kxc7 53.
Bf4+ Kb7 54. Qxe4+ Ka7 55. Qxf3 Qxa4 56. Qxh5 Qc2 57. Qf7+ Ka6 58. Bb8 b5 59.
Qf4 Qc4 60. Qe4 Kb6 61. Qa8 Qc6+ 62. Qxc6+ Kxc6 63. Kf3 b4 64. Ke4 b3 65. Kd3
Bxf2 66. Kc3 Kd5 67. Kxb3 Ke4 68. Kc4 Bg1 69. h4 Kf5 70. Kd5 Kg4 71. Bc7 Kf5 72.
Kd6 Bf2 73. Ke7 Kg6 74. Ke6 Be1 75. Bf4 Bf2 76. Ke5 Be1 77. Ke4 Kh5 78. Kf3 Ba5
79. Bg5 Be1 80. g4+ Kg6 81. Bd8 1-0